00579nam a22001932 4500001001100000005001700011008004100028020002800069040001500097050001900112100003500131245008700166250001200253260002700265300001600292650004300308700003100351852000300382000000124020151217151810.0070228s xx 000 0 eng d a0761920455 :cGBP 39.00 aKABUcKABU 0aH62b.M55 20021 aMiller, Delbert C.@000014985310aHandbook of research design and social measurement /cD. C. Miller, N. J. Salkind. a6th ed. aLondon :bSage,c2002. axxi, 786 p. 0aSocial sciencesxResearch.@00001481511 aSalkind, N. J.@00001498541